O regime previdenciário do servidor público : (Registro nro. 173799)
[ vista simple ]
| 000 -LEADER | |
|---|---|
| fixed length control field | 01536nam a22003371i 4500 |
| 001 - CONTROL NUMBER | |
| control field | bslw10112595 |
| 006 - FIXED-LENGTH DATA ELEMENTS--ADDITIONAL MATERIAL CHARACTERISTICS--GENERAL INFORMATION | |
| fixed length control field | m o d |
| 007 - PHYSICAL DESCRIPTION FIXED FIELD--GENERAL INFORMATION | |
| fixed length control field | cr un ---uuuua |
| 008 - FIXED-LENGTH DATA ELEMENTS--GENERAL INFORMATION | |
| fixed length control field | 231228s2022 bl ob 000 0 por d |
| 035 ## - | |
| -- | 42465 |
| 040 ## - CATALOGING SOURCE | |
| Original cataloging agency | UtOrBLW |
| Language of cataloging | eng |
| Description conventions | rda |
| Transcribing agency | UtOrBLW |
| 043 ## - | |
| -- | s-bl--- |
| 050 #4 - | |
| -- | KHD3215 |
| -- | .L56 2022 |
| 082 04 - | |
| -- | 342.810686 |
| -- | 23 |
| 100 1# - MAIN ENTRY--PERSONAL NAME | |
| Personal name | Lima Nóbrega, Tatiana de, |
| Relator term | author. |
| 245 12 - TITLE STATEMENT | |
| Title | O regime previdenciário do servidor público : |
| Remainder of title | de acordo com a emenda constitucional 103/2019 reforma da previdência / |
| Statement of responsibility, etc | Tatiana de Lima Nóbrega, Maurício Roberto de Souza Benedito. |
| 250 ## - | |
| -- | Segunda edição. |
| 264 #1 - | |
| -- | Indaiatuba : |
| -- | Editoria Foco, |
| -- | 2022. |
| 300 ## - PHYSICAL DESCRIPTION | |
| Extent | 1 online resource (xxviii, 340 pages) |
| 336 ## - | |
| -- | text |
| -- | txt |
| -- | rdacontent |
| 337 ## - | |
| -- | computer |
| -- | c |
| -- | rdamedia |
| 338 ## - | |
| -- | online resource |
| -- | cr |
| -- | rdacarrier |
| 500 ## - GENERAL NOTE | |
| General note | "Abono de permanência no serviço público. Cálculo para acumulação dos benefícios previdenciários. Regime de previdência complementar dos servidores públicos. Sistema de proteção social dos militares. Pec paralela e reforma dos entes subnacionais. Legislação infraconstitucional. Exemplos práticos." |
| 504 ## - BIBLIOGRAPHY, ETC. NOTE | |
| Bibliography, etc | Includes bibliographical references (page 337). |
| 650 #0 - SUBJECT ADDED ENTRY--TOPICAL TERM | |
| Topical term or geographic name as entry element | Civil service |
| Geographic subdivision | Brazil |
| General subdivision | Pensions. |
| 650 #0 - SUBJECT ADDED ENTRY--TOPICAL TERM | |
| Topical term or geographic name as entry element | Social security |
| General subdivision | Law and legislation |
| Geographic subdivision | Brazil. |
| 700 1# - ADDED ENTRY--PERSONAL NAME | |
| Personal name | Souza Benedito, Maurício Roberto de, |
| Relator term | author. |
| 856 40 - LOCALIZACIÓN Y ACCESO ELECTRÓNICO | |
| Identificador Uniforme del Recurso (URI/URL) | https://app.vlex.com/#/sources/42465 |
| 942 ## - | |
| -- | RAA |
| 999 ## - | |
| -- | 173799 |
| -- | 173799 |
No hay ítems disponibles.